| 000 | 00534cam a2200181 a 4500 | ||
|---|---|---|---|
| 003 | OSt | ||
| 005 | 20171028111812.0 | ||
| 008 | 960524s1995 ug f000 0 eng | ||
| 010 | _a 95982790 | ||
| 040 |
_aDLC _cDLC _dDLC |
||
| 082 | 0 | 0 |
_a346.23096761 _220 _bCON |
| 110 | 1 |
_aUganda. _9554 |
|
| 245 | 1 | 0 |
_aConstitution of the Republic of Uganda / _cRepublic of Uganda. |
| 260 |
_aEntebbe [Uganda] : _bUganda Print. and Pub. Corp., _c1967. |
||
| 300 |
_axviii, 196 p. ; _c21 cm. |
||
| 650 | 0 |
_aConstitutions _zUganda. _9573 |
|
| 942 |
_2ddc _cBK |
||
| 999 |
_c194 _d194 |
||